01414nam a2200241Ia 4500001000900000003001000009008004100019040002500060041001300085100001200098245008300110250001100193260006700204300001300271500026000284501011400544520026000658650004300918942000700961957000600968999004000974952015801014L103-586IT-CnALBA170116s9999||||xx |||||||||||||| ||und|| aIT-CnALBAcIT-CnALBA aITALIANO aAA. VV. 0aGRANDE ANTOLOGIA FILOSOFICA VOL. IX PENSIERO DELLA RINASCENZA E DELLA RIFORMA  a1a ed. a MILANO - COMObMARZORATI CARLO EDITORE c1964 [1° Ed.: n.d.] a1028 p.  aDIREZIONE SCIACCA M. FEDERICO. COORDINATORI: MOSCHETTI A. SCHIAVONE M. FILOSOFI E CORRENTI FILOSOFICHE SONO CORREDATI DA INTRODUZIONE E TESTI ESEMPLARI. PROBLEMI FILOSOFICO RELIGIOSI DELLA RIFORMA CATTOLICA. RELIGIONE E FILOSOFIA NEL RINASCIMENTO. LA SECO aSocietà San Paolo EM - Piazza San Paolo, 14 - 12051 ALBA (CN) (non commercial uses only) ® Copyright 2017 aDIREZIONE SCIACCA M. FEDERICO. COORDINATORI: MOSCHETTI A. SCHIAVONE M. FILOSOFI E CORRENTI FILOSOFICHE SONO CORREDATI DA INTRODUZIONE E TESTI ESEMPLARI. PROBLEMI FILOSOFICO RELIGIOSI DELLA RIFORMA CATTOLICA. RELIGIONE E FILOSOFIA NEL RINASCIMENTO. LA SECO aDIZIONARI ED ENCICLOPEDIE DI FILOSOFIA cBK 71 a685bNOg Copie: 1 c259822d259822 0010406L_10358671aALBAbALBAd2017-01-16l0oL103-586r2017-01-16 00:00:00w2017-01-16yBKz(data import: 16 gennaio 2017) - By Epidotti, Vaglietti.